000 01149nam a2200337 i 4500
001 7924
003 KOSZ 005
005 20220318135616.0
008 070918s1969 pl a f 001 0 pol
015 _aPB 1969/4453
040 _aWA N
_cWA N
_dKOSZ 005/RW
_dKOSZ 005/HR
046 _k1969
080 _a621.319
245 0 0 _aKondensatory w energoelektryce /
_c[pod kier. Stefana Seidla ; S. Grzybowski et al.].
250 _aWyd. 2 rozsz.
260 _aWarszawa :
_bWydawnictwa Naukowo-Techniczne,
_c1969.
300 _a531, [1] s. :
_bil. ;
_c25 cm.
380 _aKsiążki
388 _a1901-2000
388 _a1945-1989
504 _aBibliogr. s. 509-[523]. Indeks.
650 4 _aElektroenergetyka
650 4 _aKondensator
655 4 _aPodręcznik
658 _aInżynieria i technika
700 1 _aGrzybowski, Stanisław
_c(energetyka).
_eAutor
700 1 _aSeidel, Stefan
_c(nauki techniczne)
_eRedakcja
710 2 _aWydawnictwa Naukowo-Techniczne
_4pbl.
856 _uhttp://koha.tu.koszalin.pl/cgi-bin/koha/opac-detail.pl?biblionumber=7924
_yKatalog online BPK
942 _2UKD
_cKS
999 _c7924
_d7924